México: ¿Cómo inciden las políticas monetarias en las tasas de desempleo? /
En este artículo se analiza el impacto de un choque de política monetaria en las tasas de desempleo de México. La conclusión es que, ante una política monetaria restrictiva (contracción monetaria), el desempleo aumenta siguiendo el mismo patrón en forma de U invertida observado en otros estudios. Se...
Salvato in:
| Autore principale: | |
|---|---|
| Altri autori: | |
| Natura: | testo |
| Soggetti: | |
| Tags: |
Aggiungi Tag
Nessun Tag, puoi essere il primo ad aggiungerne!!
|
MARC
| LEADER | 00000 a a2200000 04500 | ||
|---|---|---|---|
| 001 | 45234 | ||
| 003 | |||
| 040 | |||
| 090 | |a REV0877 (107) 2012 | ||
| 100 | |a Islas C, Alejandro | ||
| 245 | |a México: |b ¿Cómo inciden las políticas monetarias en las tasas de desempleo? / |c Alejandro Islas C; Willy Walter Cortéz | ||
| 520 | |a En este artículo se analiza el impacto de un choque de política monetaria en las tasas de desempleo de México. La conclusión es que, ante una política monetaria restrictiva (contracción monetaria), el desempleo aumenta siguiendo el mismo patrón en forma de U invertida observado en otros estudios. Se desarrolla un breve análisis de las características particulares del mercado laboral mexicano. | ||
| 590 | |a RRH/OCTUBRE2013 | ||
| 650 | |a EMPLEO | ||
| 650 | |a MERCADO DE TRABAJO | ||
| 650 | |a POLITICA MONETARIA | ||
| 650 | |a REGULACION | ||
| 650 | |a ECONOMETRIA | ||
| 650 | |a MEXICO | ||
| 700 | |a Cortéz, Willy Walter | ||
| 773 | |g número107 (2012) | ||
| 999 | |c 23843 |d 23843 | ||
